Implementación de una hoja de cálculo electrónica para el manejo de los casos de gráficos de control de calidad.

Gorde:
Xehetasun bibliografikoak
Egile nagusia: Trejos Martínez, José Alberto
Formatua: Liburua
Argitaratua: San José, Costa Rica 1989
Gaiak:
Etiketak: Etiketa erantsi
Etiketarik gabe, Izan zaitez lehena erregistro honi etiketa jartzen!

MARC

LEADER 00000nam a2200000Ia 4500
003 004797
005 20221231144337.0
008 140114s1989 cr a m 000 ||s d
040 |c cru CEDI 
090 |a TFG 2228 
100 |a Trejos Martínez, José Alberto  |9 13236 
245 |a Implementación de una hoja de cálculo electrónica para el manejo de los casos de gráficos de control de calidad. 
260 |c 1989  |a San José, Costa Rica 
300 |a  xxi, 298 hojas : ilustraciones ; 28 cm  
500 |a  Proyecto de graduación (licenciatura en ingeniería química) -- Universidad de Costa Rica. Facultad de Ingeniería. Escuela de Ingeniería Química 
650 |x GRAFICOS POR COMPUTADORA   |x CONTROL DE CALIDAD   |x AUTOMATIZACION   |x PAGINAS ELECTRONICAS  |9 13237 
942 |c TFG  |2 ddc 
999 |c 20464  |d 20464